000 00335 a2200109 4500
020 _a8188237558
082 _a624.15136 SAR
100 _aSaran, Swami
245 _aReinforced Soil and its Engineering Applications/
_cSwami Saran
260 _aNew Delhi :
_bI. K. International Pvt. Ltd.,
_c2006
300 _ax, 379p. :
_bill. ;
_c25 cm
650 _aSoil -- Engineering
999 _c1131
_d1131